| 000 | 00963nam a2200241Ia 4500 | ||
|---|---|---|---|
| 005 | 20240530110248.0 | ||
| 008 | 140319s1993 xx 000 0 ara d | ||
| 040 |
_aGCL / _cGCL |
||
| 082 | 0 | 4 |
_a413.016 / _bو م |
| 100 | 1 | _aوجدى رزق غالى | |
| 245 | 1 | 0 |
_aمعجم المعجمات العربية : _bرصيد حصرى شارح للمعجم المطبوع / _cتاليف وجدى رزق غالى ؛ تصدير حسين نصار ؛ مقدم جورج مترى عبدالمسيح |
| 250 | _aالاولى | ||
| 260 |
_bمكتبة لبنان ناشرون ، _c1993 |
||
| 300 |
_a287ص ؛ _c24 سم |
||
| 650 | 0 | 4 | _aالمعاجم |
| 650 | 0 | 4 | _aالمعاجم العربية |
| 650 | 0 | 4 | _aالمعاجم المتخصصة |
| 650 | 0 | 4 | _aالمعاجم الموضوعية |
| 700 | 1 |
_aحسين نصار _eتصدير |
|
| 700 | 1 |
_aجورج مترى عبدالمسيح _eمقدم |
|
| 942 |
_2ddc _cBK |
||
| 999 |
_c59544 _d59544 |
||